Pokédex de Septentria - Statistiques

Statistiques générales
  • Ce quiz a été pris 56 fois
  • Le résultat moyen est 110 sur 200
Statistiques - réponses
Numéro Pokémon % Correct
199 Favianos
93%
197 Félicanis
93%
200 Ogerpon
93%
198 Fortusimia
86%
036 Pomdramour
86%
005 Axoloto
79%
069 Desséliande
79%
008 Grahyèna
79%
081 Gravalanch
79%
082 Grolem
79%
006 Maraiste
79%
007 Medhyèna
79%
080 Racaillou
79%
003 Yanma
79%
004 Yanméga
79%
131 Bébécaille
71%
092 Bibichut
71%
068 Brocélôme
71%
093 Chapotus
71%
012 Colhomard
71%
035 Dratatin
71%
132 Écaïd
71%
011 Écrapince
71%
133 Ékaïser
71%
146 Funécire
71%
013 Larveyette
71%
148 Lugulabre
71%
015 Manternel
71%
002 Migalos
71%
001 Mimigal
71%
076 Poltchageist
71%
034 Pomdrapi
71%
039 Ptitard
71%
094 Sorcilence
71%
041 Tartard
71%
040 Têtarte
71%
077 Théffroyable
71%
196 Ursaking Lune Vermeille
71%
033 Verpom
71%
018 Abo
64%
192 Angoliath
64%
149 Arakdo
64%
019 Arbok
64%
158 Barpau
64%
014 Couverdure
64%
038 Feunard
64%
191 Fourbelin
64%
037 Goupix
64%
190 Grimalin
64%
044 Léviator
64%
043 Magicarpe
64%
150 Maskadra
64%
147 Mélancolux
64%
151 Mélo
64%
153 Mélodelfe
64%
152 Mélofée
64%
159 Milobellus
64%
095 Morpeko
64%
185 Nigosier
64%
141 Noctunoir
64%
020 Pichu
64%
021 Pikachu
64%
022 Raichu
64%
116 Sabelette
64%
117 Sablaireau
64%
188 Scalpereur
64%
186 Scalpion
64%
187 Scalproie
64%
139 Skelénox
64%
107 Tarinor
64%
108 Tarinorme
64%
042 Tarpaud
64%
140 Téraclope
64%
079 Arcanin
57%
078 Caninos
57%
051 Cochignon
57%
100 Colossinge
57%
101 Courrousinge
57%
120 Ectoplasma
57%
090 Embrochet
57%
143 Éoko
57%
118 Fantominus
57%
099 Férosinge
57%
060 Gallame
57%
059 Gardevoir
57%
054 Grainipiot
57%
091 Hastacuda
57%
183 Khélocrok
57%
058 Kirlia
57%
137 Kungfouine
57%
144 Limagma
57%
105 Lombre
57%
065 Lucario
57%
106 Ludicolo
57%
010 Lumivole
57%
052 Mammochon
57%
050 Marcacrin
57%
009 Muciole
57%
104 Nénupiot
57%
055 Pifeuil
57%
115 Plumeline
57%
064 Riolu
57%
049 Scarhino
57%
121 Scorplane
57%
122 Scorvol
57%
138 Shaofouine
57%
135 Smogo
57%
136 Smogogo
57%
119 Spectrum
57%
057 Tarsal
57%
056 Tengalice
57%
184 Torgamord
57%
145 Volcaropod
57%
155 Archéodong
50%
154 Archéomire
50%
163 Barbicha
50%
194 Bargantua motif Blanc
50%
162 Barloche
50%
048 Capidextre
50%
047 Capumain
50%
066 Chlorobule
50%
113 Chrysapile
50%
171 Dimoret
50%
030 Étouraptor
50%
028 Étourmi
50%
029 Étourvol
50%
170 Farfuret
50%
157 Floréclat
50%
067 Fragilady
50%
156 Germéclat
50%
102 Goinfrex
50%
045 Hoothoot
50%
142 Korillon
50%
112 Larvibule
50%
114 Lucanon
50%
174 Momartik
50%
046 Noarfang
50%
173 Oniglali
50%
195 Paragruel
50%
103 Ronflex
50%
172 Stalgamin
50%
167 Strassie
50%
087 Bétochef
43%
016 Bombydou
43%
024 Boustiflor
43%
089 Bruyverne
43%
166 Carchacrok
43%
165 Carmache
43%
053 Cerfrousse
43%
085 Charpenti
43%
023 Chétiflor
43%
179 Colimucus
43%
025 Empiflor
43%
096 Ferdeter
43%
164 Griknot
43%
182 Lakmécygne
43%
178 Mucuscule
43%
180 Muplodocus
43%
072 Rongourmand
43%
073 Rongrigou
43%
017 Rubombelle
43%
088 Sonistrelle
43%
074 Terracool
43%
075 Terracruel
43%
128 Vaututrice
43%
127 Vostourno
43%
193 Wimessir
43%
130 Bourrinos
36%
097 Compagnol
36%
181 Couaneton
36%
061 Crikzik
36%
161 Deusolourdo
36%
098 Famignol
36%
126 Groret
36%
160 Insolourdo
36%
134 Lestombaile
36%
071 Lougaroc
36%
169 Malamandre
36%
083 Manzaï
36%
062 Mélokrik
36%
189 Mimiqui
36%
086 Ouvrifier
36%
063 Pachirisu
36%
070 Rocabot
36%
084 Simularbre
36%
125 Spoink
36%
129 Tiboudet
36%
168 Tritox
36%
124 Démolosse
29%
032 Floramantis
29%
027 Fouinar
29%
026 Fouinette
29%
109 Lixy
29%
110 Luxio
29%
111 Luxray
29%
123 Malosse
29%
031 Mimantis
29%
175 Anchwatt
21%
176 Lampéroie
21%
177 Ohmassacre
21%
Aucun quiz correspondant
Distribution des résultats
% des personnes avec chaque résultat
Percentile par nombre de réponses
Votre historique - résultats
Vous n’avez pas pris ce quiz